=LDR 00000nam 2200000 4500 =001 INLIS000000000005364 =005 20130612093617 =008 ***********************************Ind** =035 ##$$0010-061300000005364 =041 ##$$a Ind =082 ##$$a 330.076 =090 ##$$a 330.076, Arh p =100 ##$$a ARHAPI, Deddy Yusuf =245 ##$$a Prestasi ekonomi, Deddy Yusuf Arhapi, Zaenal Arifin, Bambang Sugeng. -- =650 ##$$a 2000 $b Bandung =710 ##$$a x, 106 hlm, Ilus, 18 cm =850 ##$$a Ekonomi - Pengajaran